000 00299nam a22001337a 4500
008 210303b ||||| |||| 00| 0 eng d
020 _a9781323427200
041 _aeng
080 _22nd
_a510
100 _a36
101 _aMAT
245 _aAlgebra and Trigonometry
_cSullivan,M
942 _2udc
_cBK
999 _c55693
_d55693